[Event "GER-chT U14"]
[Site "Regensburg"]
[Date "2014.12.28"]
[Round "3.4"]
[White "Goetz, Michael"]
[Black "Watzlawik, Lee David"]
[Result "0-1"]
[WhiteElo "1314"]
[BlackElo "1370"]
[PlyCount "36"]
[EventDate "2014.12.27"]
[EventType "team-swiss"]
[EventRounds "7"]
[EventCountry "GER"]
[SourceTitle "EXT 2018"]
[Source "ChessBase"]
[SourceDate "2017.10.13"]
[SourceVersion "1"]
[SourceVersionDate "2017.10.13"]
[SourceQuality "1"]
[WhiteTeam "Porta Westfalica"]
[BlackTeam "Luebeck"]
[WhiteTeamCountry "GER"]
[BlackTeamCountry "GER"]

1. e4 e5 2. Nf3 f5 3. Nxe5 Qf6 4. Nc4 fxe4 5. Nc3 Qg6 6. Ne3 Nf6 7. Be2 c6 8. Nxe4 Qxe4 9. d3 Qg6 10. Nc4 Qxg2 11. Bf3 Qg6 12. Kf1 Kd8 13. Bf4 d5 14. Ne5 Bh3+ 15. Ke2 Qe8 16. Kd2 Nbd7 17. Re1 Nxe5 18. Rxe5 Qf7 0-1

[Event "GER-ch U12"]
[Site "Oberhof"]
[Date "2013.05.24"]
[Round "10"]
[White "Cejda, Cecilia"]
[Black "Watzlawik, Lee David"]
[Result "1-0"]
[WhiteElo "1335"]
[BlackElo "1170"]
[PlyCount "53"]
[EventDate "2013.05.19"]
[EventType "swiss"]
[EventRounds "11"]
[EventCountry "GER"]
[SourceTitle "CBM 154 Extra"]
[Source "ChessBase"]
[SourceDate "2013.06.25"]
[SourceVersion "2"]
[SourceVersionDate "2013.06.25"]
[SourceQuality "1"]

1. e4 e6 2. d4 d5 3. Nd2 c5 4. Ngf3 Nc6 5. exd5 Qxd5 6. Bc4 Qd8 7. Nb3 cxd4 8. Nbxd4 Nxd4 9. Qxd4 Qxd4 10. Nxd4 Bd7 11. 0-0 a6 12. Be3 Rc8 13. Bb3 Bc5 14. c3 Nf6 15. Rfe1 0-0 16. Nc2 Bxe3 17. Nxe3 Bc6 18. Rad1 Rfd8 19. f3 Rd7 20. Rxd7 Nxd7 21. Rd1 h6 22. f4 Nc5 23. Bc2 Be4 24. Bxe4 Nxe4 25. f5 exf5 26. Nxf5 Nf6 27. Ne7+ 1-0

[Event "GER-ch U12"]
[Site "Oberhof"]
[Date "2013.05.23"]
[Round "8"]
[White "Boese, Carolin"]
[Black "Watzlawik, Lee David"]
[Result "1/2-1/2"]
[WhiteElo "1263"]
[BlackElo "1170"]
[PlyCount "62"]
[EventDate "2013.05.19"]
[EventType "swiss"]
[EventRounds "11"]
[EventCountry "GER"]
[SourceTitle "CBM 154 Extra"]
[Source "ChessBase"]
[SourceDate "2013.06.25"]
[SourceVersion "2"]
[SourceVersionDate "2013.06.25"]
[SourceQuality "1"]

1. e4 e6 2. d4 d5 3. Nc3 Bb4 4. Nge2 Ne7 5. Bf4 dxe4 6. a3 Bxc3+ 7. Nxc3 Nf5 8. d5 exd5 9. Nxd5 Nd6 10. Qd4 0-0 11. 0-0-0 Nc6 12. Qc3 Re8 13. Bh6 gxh6 14. Nf6+ Kf8 15. Nxh7+ Ke7 16. Qf6+ Kd7 17. Qxf7+ Qe7 18. Qg6 Qe6 19. Qg7+ Qe7 20. Qxh6 Kd8 21. Nf6 Rf8 22. Nxe4 Qxe4 23. Qxf8+ Qe8 24. Qf6+ Qe7 25. Qg6 Qe8 26. Bd3 Qxg6 27. Bxg6 Be6 28. h4 Ke7 29. h5 Rg8 30. f3 Ne5 31. Bd3 Rxg2 1/2-1/2

[Event "GER-ch U12"]
[Site "Oberhof"]
[Date "2013.05.20"]
[Round "3"]
[White "Wendler, David"]
[Black "Watzlawik, Lee David"]
[Result "1-0"]
[WhiteElo "1548"]
[BlackElo "1170"]
[PlyCount "49"]
[EventDate "2013.05.19"]
[EventType "swiss"]
[EventRounds "11"]
[EventCountry "GER"]
[SourceTitle "CBM 154 Extra"]
[Source "ChessBase"]
[SourceDate "2013.06.25"]
[SourceVersion "2"]
[SourceVersionDate "2013.06.25"]
[SourceQuality "1"]

1. e4 e6 2. d4 d5 3. Nc3 Bb4 4. e5 Ne7 5. a3 Bxc3+ 6. bxc3 c5 7. Nf3 Ng6 8. h4 Nc6 9. h5 Nge7 10. h6 g6 11. Bg5 Qa5 12. Qd2 Nf5 13. g4 Nfe7 14. Bf6 Rg8 15. Ng5 cxd4 16. cxd4 Qxd2+ 17. Kxd2 Nxd4 18. Nxh7 Bd7 19. Ng5 Ba4 20. Bd3 Rc8 21. Rac1 Nb5 22. Bxb5+ Bxb5 23. h7 Rf8 24. h8Q Nc6 25. Qxf8+ 1-0